Quizzes
Events
Quiz Creation
Community
Videos
Private Events
Remove Ads
Sign In
Join for FREE
Feedback
Dark Mode
Quiz Categories
Sports
Geography
Music
Movies
Television
Just For Fun
Miscellaneous
History
Literature
Language
Science
Gaming
Entertainment
Religion
Holiday
For Kids
Quiz Lab
Recent
Popular Today
Quiz Kudos Today
Editor Picks
Curator Picks
Quizzes by...
Day
Popularity
Type
Ratings
Length
Year
Community
Subscriptions
Recent Discussions
Orange Saloon
Badges
Playlists
Quests
Create
Leaderboards
Showdown
Live 5
Trivia Bingo
Activity
Puzzle Library
Sporcle Events
Private Events
Virtual Trivia
Globe League
Become a Host
Pub Owners
SporcleCon
Opinionation
Our Games
Videos
Blog
Mobile Apps
Partnerships
Remove Ads and Go Orange
Feedback
Entertainment
Celebrity
Famous
Musical
Broadway
Show
Quote
Comic Books
Anime
Superhero
DC Comics
Marvel
Cartoons
Animation
Entertainment
Celebrity
Famous
Musical
Broadway
Show
Quote
Comic Books
Anime
Superhero
DC Comics
Marvel
Cartoons
Animation
Random Quiz
Search Sporcle
×
Curator Pick
Curator Pick
Entertainment
Clickable
Select answers by clicking on text or image buttons
Select answers by clicking on text or image buttons
Clickable
Best Score? Go Orange.
Justice League IDs Stats
Can you pick the Justice League members' identities by matching from each column?
By
etag
10m
40 Questions
1,842 Plays
1,842 Plays
1,842 Plays
Comments
Comments
Give Quiz Kudos
Give Quiz Kudos
-
- Ratings
hide this ad
Replay
Link that replays current quiz
Next Quiz
Link to next quiz in quiz playlist
You Got
0%
They Got
Avg Score
59%
Avg Friend Score
Upgrade to see
Score Distribution
Jump to the score distribution portion of the page
Score
0/40
Timer
10:00
0
Plays Today
% Correct
Bruce
96%
Clark
94.8%
Barry
89.8%
Hal
87%
Oliver
85.6%
Diana
85.3%
Wally
83.7%
Zatanna
81.4%
Arthur
81%
Billy
78.4%
Barbara
77.6%
John
76.8%
John
76.2%
Guy
74.6%
Dinah
72.6%
Ray
68.9%
Shayera
67.4%
Kyle
67.1%
Ted
60.2%
Katar
60%
% Correct
Ralph
51.5%
Kent
51.4%
Connor
50.1%
Ronald
47.5%
Kimiyo
44.6%
Eel
43.5%
John
42.5%
Scott
42.2%
Beatriz
41.7%
Buddy
41.5%
Rex
41.5%
Mari
39.3%
Paco
38.3%
Nathaniel
37.6%
Tora
37.5%
Michael
37.5%
Dimitri
33.9%
Hank
27.6%
Cindy
26.9%
Curt
22.4%
Quiz Playlist
Details
Report
Send in Message
Add To Playlist
Clickable:
Select answers by clicking on text or image buttons
Last Updated: Feb 16, 2017
Curator Pick in
DC Comics
Quiz Scoreboard
CHALLENGE
Sign Up to Join the Scoreboard
Show All
Scores
Hide
Comments
May contain spoilers
Recently Published
Popular People in 1961
by mucciniale
History
6m
1-10 Letter E Words III
by El_Dandy
Language
2m
One Thing in Common: World Cities II
by knightlancer
Geography
7m
More to Explore
Quiz From the Vault
Featured Blog Post
Where Did the Easter Bunny Come From?
hide this ad
You Might Also Like...
Tags
Clickable Quiz
DC Comics Quiz
Justice Quiz
DC Characters
Identity
ids
Justice League
League
Matching
Today's Top Quizzes in Entertainment
Browse Entertainment
hide this ad
Today's Top Quizzes in Clickable
Browse Clickable
Top Contributed Quizzes in Entertainment
1
Kamen Rider Motifs
2
Dragon Ball Z: Mega Character Search
3
Undead Unluck Minefield
4
Dragon Ball Z: Goku's Fights in Order
5
Survivor Winners Logic Quiz
6
Who Wants to Be a Millionaire: Anime Edition
7
10-to-1 Anime Arc Sorting Gallery
8
Criteria Quickie: Cartoon Taxonomy II
9
Ana Gasteyer or Kathryn Hahn?
10
One Piece 11-1
Explore More
Trending Topics
Disney
Marvel
Kpop
Crossword
Anime
Harry Potter
NBA
Puzzle
Pokémon
NFL
Country
WWE
Song
Soccer
The Office
hide this ad
More By:
etag
Quiz
Plays
Rating
Category
Featured
Created
Justice League IDs
1,842
4.80
Entertainment
Jul 6, 2013
5-Star Hard-Boiled Mystery Novels
249
5.00
Literature
Aug 17, 2016
Avengers Members by First Appearance
228
4.33
Entertainment
Apr 17, 2015
10 to 1: Crisis on Infinite Earths
219
5.00
Entertainment
Mar 30, 2020
5-Star Classic Sci-Fi Novels
189
5.00
Literature
Sep 3, 2016
Go to Creator's Profile
Score Distribution
Quiz Creator Spotlight
etag
Follow
Send a Message
Quizzes Created
-
Created Quiz Play Count
-
More By This Creator
Popular Quizzes Today
1
Find the US States - No Outlines Minefield
2
The Countries of the World
3
Popular People in 1961
4
Find the Countries of Europe - No Outlines Minefield
5
1-10 Letter E Words III
6
Find the US States
7
One Thing in Common: World Cities II
8
US States
More Entertainment Quizzes
Sopranos characters by murders committed
Quiz Lab
Trending Quizzes
1-10 Letter F Words
One Thing in Common: Music
1-10 Letter G Words
Risky Map Clicking: Next State Alphabetically
1-10 Letter F Words II
Recently Updated
Leaping Animals
pecheneg
Reality TV Shows (A-Z)
bhenderson79
Rickey Henderson's Hall of Fame Teammates
pecheneg
Champions League XIs: Arsenal
pecheneg
Quick Pick: Celebrities in WWE's Hall of Fame
aduchscher
A-Z Keypad Blitz II
pecheneg
Multiple Oscar Actors
pecheneg
Mystery Phrase Blitz: Oscar 'Best Actors'
pecheneg
F. Scott Fitzgerald Novels
LTH
Pick 3 Villains
ddd62291
Trending Topics
Crossword
NBA
Kpop
Harry Potter
Marvel
Disney
Anime
The Office
Country
Song
Pokémon
WWE
NFL
Soccer
Puzzle
Your Account Isn't Verified!
In order to create a playlist on Sporcle, you need to verify the email address you used during registration. Go to your
Sporcle Settings
to finish the process.
Report this User
Report this user for behavior that violates our
Community Guidelines
.
Details:
Send Report
Go to the Sporcle.com Mobile Site →
Comments